Report of the task force on treasury system and accounting set up computerisation of accounts and management accounting (Record no. 500646)

000 -LEADER
fixed length control field 00397cam a22001097a 4500
008 - FIXED-LENGTH DATA ELEMENTS--GENERAL INFORMATION
fixed length control field 180718b1976 xxu||||| |||| 00| 0 eng d
082 ## - DEWEY DECIMAL CLASSIFICATION NUMBER
Classification number L8x54 In2tf
245 ## - TITLE STATEMENT
Title Report of the task force on treasury system and accounting set up computerisation of accounts and management accounting
Statement of responsibility, etc. by Finance Department
260 ## - PUBLICATION, DISTRIBUTION, ETC.
Place of publication, distribution, etc.
Name of publisher, distributor, etc. Finance Department
Date of publication, distribution, etc. 1976
300 ## - PHYSICAL DESCRIPTION
Extent 168+p.
700 ## - ADDED ENTRY--PERSONAL NAME
Personal name Finance Department
Holdings
Withdrawn status Lost status Damaged status Not for loan Permanent Location Current Location Date acquired Full call number Barcode Date last seen Price effective from Koha item type
        Indian Institute of Public Administration Indian Institute of Public Administration 2018-08-04 L8x54 In2tf GG16850 2018-08-04 2018-08-04 GG

Powered by Koha